Back to the Future Characters - Statistics

General Stats
  • This quiz has been taken 59 times
  • The average score is 7 of 18
Answer Stats
Hint Character % Correct
Protagonist Marty McFly
100%
Protagonist's Dad George McFly
80%
Main Antagonist Biff Tannen
78%
Protagonist's Best Friend Dr Emmett Brown
73%
Protagonist's Brother Dave McFly
53%
Mayor Goldie Wilson
45%
Protagonist's Sister Linda McFly
43%
Principal Mr Strickland
41%
Protagonist's Love Interest Jennifer Parker
29%
Past Singer Marvin Berry
29%
Protagonist's Mom Loraine Baines
25%
Antagonist's Thug 3-D
16%
Mom's Father Sam Baines
16%
Mom's Mother Stella Baines
16%
Mom's School Friend Babs
6%
Mom's School Friend Betty
6%
Antagonist's Thug Skinhead
6%
Antagonist's Thug Match
2%
No matching quizzes found
Score Distribution
Percent of People with Each Score
Percentile by Number Answered
Your Score History
You have not taken this quiz